000 01688cam a2200409 a 4500
001 14751808
005 20170105102352.0
008 070228s2008 flua b 001 0 eng
010 _a 2007008437
015 _aGBA718871
_2bnb
016 7 _a013689407
_2Uk
020 _a9780849390081 (alk. paper)
020 _a0849390087 (alk. paper)
035 _a(OCoLC)ocm85692880
035 _a(OCoLC)85692880
040 _aDLC
_cDLC
_dUKM
_dBAKER
_dBTCTA
_dC#P
_dYDXCP
_dDLC
050 0 0 _aQA402.3
_b.L4875 2008
082 0 0 _a629.8312
_222
100 1 _aLewis, Frank L.
245 1 0 _aOptimal and robust estimation : with an introduction to stochastic control theory
_bwith an introduction to stochastic control theory
_cFrank L. Lewis, Lihua Xie, Dan Popa.
250 _a2nd ed.
260 _aBoca Raton :
_bCRC Press,
_cc2008.
300 _axxi, 523 p. :
_bill. ;
_c24 cm.
440 0 _aAutomation and control engineering ;
_v26
500 _aRev. ed. of: Optimal estimation. New York : Wiley, c1986.
504 _aIncludes bibliographical references (p. 493-500) and index.
650 0 _aStochastic control theory.
650 0 _aMathematical optimization.
700 1 _aXie, Lihua.
700 1 _aPopa, Dan,
_d1969-
700 1 _aLewis, Frank L.
_tOptimal estimation.
856 4 1 _3Table of contents only
_uhttp://www.loc.gov/catdir/toc/ecip0712/2007008437.html
856 4 2 _3Publisher description
_uhttp://www.loc.gov/catdir/enhancements/fy0833/2007008437-d.html
906 _a7
_bcbc
_corignew
_d1
_eecip
_f20
_gy-gencatlg
942 _2ddc
_cBK
999 _c11994
_d11994